Kaanthamalacharitham: (Record no. 181978)

000 -LEADER
fixed length control field 00486nam a22001817a 4500
020 ## - INTERNATIONAL STANDARD BOOK NUMBER
ISBN 9789391227456
082 ## - DEWEY DECIMAL CLASSIFICATION NUMBER
Classification number M3
Item number VIS/K.2
100 ## - MAIN ENTRY--AUTHOR NAME
Personal name Vishnu M C
245 ## - TITLE STATEMENT
Title Kaanthamalacharitham:
Sub Title arolakkadinte rahasyam/ (Part 2)
Statement of responsibility, etc by Vishnu M C
250 ## - EDITION STATEMENT
Edition statement 8th ed.
260 ## - PUBLICATION, DISTRIBUTION, ETC. (IMPRINT)
Place of publication Palakkad:
Name of publisher Logos Books,
Year of publication 2025.
300 ## - PHYSICAL DESCRIPTION
Number of Pages 215p.
490 ## - SERIES STATEMENT
Series statement A Book Series From ERA Universe
650 ## - SUBJECT ADDED ENTRY--TOPICAL TERM
Topical Term Novel Malayalam
650 ## - SUBJECT ADDED ENTRY--TOPICAL TERM
Topical Term Literature Malayalam
650 ## - SUBJECT ADDED ENTRY--TOPICAL TERM
Topical Term Literature
942 ## - ADDED ENTRY ELEMENTS (KOHA)
Koha item type Book
Holdings
Withdrawn status Lost status Damaged status Not for loan Permanent Location Current Location Shelving location Date acquired Cost, normal purchase price Full call number Accession Number Price effective from Koha item type
        Sree Sankaracharya University of Sanskrit Sree Sankaracharya University of Sanskrit Stacks 03.06.2026 330.00 M3 VIS/K.2 109084 03.06.2026 Book